| 000 | 01174 a2200325 4500 | ||
|---|---|---|---|
| 999 |
_c200002997 _d29917 |
||
| 001 | 200002997 | ||
| 003 | TR-AnTOB | ||
| 005 | 20240912105316.0 | ||
| 008 | 110320s2010 tu 000 0 d | ||
| 020 | _a9789751949813 | ||
| 035 | _a200002997 | ||
| 040 |
_aTR-AnTOB _cTR-AnTOB |
||
| 041 | _atur | ||
| 050 | 4 |
_aHC241.25.T9 _bD64 2010 |
|
| 090 | _aHC241.25.T9 D64 2010 | ||
| 100 | 1 |
_aDoğan, Tayyar _972955 |
|
| 245 | 1 | 0 |
_aAvrupa Birliği yapısal fonlarının mali yönetimi ve Türkiye için öneriler / _cTayyar Doğan. |
| 264 | 1 |
_aAnkara : _bDPT, _c2010 |
|
| 300 |
_avii, 160 p. : _bill. ; _c24 cm. |
||
| 490 | 0 |
_aDevlet Planlama Teskilat ; _v2810. |
|
| 504 | _aIncludes bibliographical references 147-158 and index. | ||
| 610 | 2 | 0 |
_aAvrupa Ekonomik Topluluğu _xFinans _968906 |
| 650 | 0 |
_aEkonomik yardım _zTürkiye _937540 |
|
| 650 | 7 |
_aEkonomik kalkınma projeleri _xDeğerlendirme _2etuturkob _932890 |
|
| 650 | 0 |
_aEconomic assistance _zTurkey _937541 |
|
| 651 | 0 |
_aEuropean Union countries _xForeign economic relations _zTurkey _922262 |
|
| 651 | 0 |
_aAvrupa Birliği ülkeleri _xDış ekonomik ilişkiler _zTürkiye _922256 |
|
| 942 |
_cBK _2lcc |
||